[Event "Copenhagen GoAudit op"]
[Site "Copenhagen"]
[Date "2019.11.08"]
[Round "1"]
[White "Dudnyk, Oleg"]
[Black "Malmqvist, Glenn"]
[Result "0-1"]
[WhiteElo "1621"]
[BlackElo "2121"]
[PlyCount "72"]
[EventDate "2019.11.08"]
[EventType "swiss"]
[EventRounds "8"]
[EventCountry "DEN"]
[SourceTitle "EXT 2021"]
[Source "ChessBase"]
[SourceDate "2020.10.23"]
[SourceVersion "1"]
[SourceVersionDate "2020.10.23"]
[SourceQuality "1"]

1. d4 Nf6 2. Bf4 e6 3. Nf3 d5 4. e3 Be7 5. Nbd2 0-0 6. Bd3 Nbd7 7. 0-0 c5 8. c3 b6 9. Qc2 Bb7 10. Ne5 Rc8 11. Ndf3 Ne4 12. Nd2 f5 13. Ndf3 Bf6 14. Bb5 Nxe5 15. Bxe5 g5 16. Bxf6 Rxf6 17. Ne5 g4 18. Qe2 Rh6 19. g3 Qg5 20. Bd3 Rh3 21. Bxe4 dxe4 22. Kg2 Rh6 23. Qb5 cxd4 24. Qd7 Qg7 25. Qxg7+ Kxg7 26. exd4 Rf6 27. Kg1 h5 28. a4 h4 29. a5 hxg3 30. fxg3 b5 31. Rf4 Rh8 32. Raf1 Rfh6 33. R1f2 e3 34. Nd7 exf2+ 35. Rxf2 Rh3 36. Re2 R3h6 0-1